书目信息 |
| 题名: |
商务园林与屋顶花园
|
|
| 作者: | 弗朗西斯科·阿森西奥·切夫 编著 ;吴锦绣 译 | |
| 分册: | ||
| 出版信息: | 南京 江苏科学技术出版社 2002.09 |
|
| 页数: | 201页 | |
| 开本: | 30cm | |
| 丛书名: | ||
| 单 册: | ||
| 中图分类: | TU , TU985.12 | |
| 科图分类: | ||
| 主题词: | 绿化规划 | |
| 电子资源: | ||
| ISBN: | 7-5345-3622-7 | |
| 000 | 00770nam0 2200217 45 | |
| 001 | 0331843725 | |
| 005 | 2003032908504372 | |
| 010 | @a7-5345-3622-7@dRMB 228.00 | |
| 100 | @a20030329d2002 km y0chiy0120 ea | |
| 101 | 0 | @achi |
| 102 | @aCN@b320000 | |
| 200 | 1 | @a商务园林与屋顶花园@Ashang wu yuan lin yu wu ding hua yuan@f(西班牙)弗朗西斯科·阿森西奥·切夫编著@F(Xi Ban Ya)Fu Lang Xi Si Ke·A Sen Xi Ao·Qie Fu Bian Zhu@g吴锦绣译@GWu Jin Xiu Yi |
| 210 | @a南京@c江苏科学技术出版社@d2002.09 | |
| 215 | @a201页@d30cm | |
| 606 | 0 | @a绿化规划 |
| 690 | @aTU@v3 | |
| 690 | @aTU985.12@v4 | |
| 701 | 0 | @a弗朗西斯科·阿森西奥·切夫@AFu Lang Xi Si Ke·A Sen Xi Ao·Qie Fu@4编著 |
| 702 | 0 | @a吴锦绣@AWu Jin Xiu@4译 |
| 801 | 0 | @aCN@bPFT@c20030329 |
| 905 | @a10447@dTU985.12@eF597 | |
| 商务园林与屋顶花园/(西班牙)弗朗西斯科·阿森西奥·切夫编著/吴锦绣译.-南京:江苏科学技术出版社,2002.09 |
| 201页;30cm |
| ISBN 7-5345-3622-7:RMB 228.00 |
| ● |
| 相关链接 |
|
|
|
正题名:商务园林与屋顶花园
索取号:TU985.12/F597
 
预约/预借
| 序号 | 登录号 | 条形码 | 馆藏地/架位号 | 状态 | 备注 |
| 1 | 367532 | 203675326 | 建筑与城市规划学院资料室/ [索取号:TU985.12/F597] | 在馆 |